000 00692nam a2200277Ia 4500
005 20260324122745.0
008 008 260324s9999 xx 000 0 eng d
020 _a9781315596921
037 _aEBOOK
040 _aCRL
040 _beng
040 _cCRL
041 _2eng
041 _aeng
084 _qCRL
100 _aCharles Ford
_91167693
245 0 _aMusic, Sexuality and the Enlightenment in Mozart's Figaro, Don Giovanni and Così fan tutte
260 _bTaylor and Francis
260 _c2012
365 _a
365 _b230
856 _uhttp://www.taylorfrancis.com/books/9781315596921
942 _cEBOOK
999 _c1760671
_d1760671